Statistics for Battle of Stalingrad Quiz

Click here to take the quiz!

General Stats

  • This quiz has been taken 173 times
  • The average score is 9 of 24

Answer Stats

HintAnswer% Correct
River that Stalingrad is located onVolga
96%
Current name of StalingradVolgograd
83%
German Allies that Participated in the wider BattleItaly
70%
Romania
70%
Soviet Generals responsible for Defense of StalingradGeorgy Zhukov
64%
Hungary
64%
Month of the German surrender at StalingradFebruary
53%
Commander of ^Friedrich Paulus
51%
Main German Formation6th Army
43%
Codename for the successful Soviet Counterattack that encircled the German forcesOperation Uranus
37%
Commander of ^Vasily Chuikov
34%
Commander of ^ missionErich Von Manstein
33%
Previous Name of StalingradTsaritsyn
31%
Croatia
27%
Famous Soviet Sniper at StalingradVasily Zaitsev
26%
Codename of the failed German relief missionOperation Winter Storm
20%
Fortified apartment building unable to be taken by the Germans despite many attemptsPavlov's House
20%
Name given to the German summer offensive of 1942Case Blue
18%
Main Soviet Defending Formation62nd Army
17%
Prominent Hill in StalingradMamayev Kurgan
13%
Aleksandr Vasilevsky
11%
Main Stalingrad airfields used by the Germans during the encirclementGumrak
9%
Pitomnik
9%
Airfield used to supply Stalingrad pocket that was subject of a surprise Soviet raidTatsinskaya
9%

Score Distribution

Percentile by Number Answered

Percent of People with Each Score

Your Score History

You have not taken this quiz